000 00373nam a22001217a 4500
008 230609b xxu||||| |||| 00| 0 eng d
082 _a354.676
_bGOK
245 _a2012/2013 Estimates of Recurrent Expenditure of the Government of Kenya for the Year Ending 30th June, 2013
260 _aNairobi,Kenya
_bGOK
_cJune, 2012
300 _aVII,1090p
440 _vII
942 _2ddc
_cBK
999 _c990
_d990